The algorithm design manual (Record no. 5758)

000 -LEADER
fixed length control field 00688 a2200205 4500
020 ## - INTERNATIONAL STANDARD BOOK NUMBER
International Standard Book Number 0387948600 (hardcover : alk. paper)
035 ## - SYSTEM CONTROL NUMBER
System control number (OCoLC)ocm36942551
035 ## - SYSTEM CONTROL NUMBER
System control number (OCoLC)ocm36942551
035 ## - SYSTEM CONTROL NUMBER
System control number (InU)AJD8458BB
035 ## - SYSTEM CONTROL NUMBER
System control number (OCoLC)ocm36942551
040 ## - CATALOGING SOURCE
Original cataloging agency DLC
082 00 - DEWEY DECIMAL CLASSIFICATION NUMBER
Classification number 005.1
100 1# - MAIN ENTRY--PERSONAL NAME
Personal name Skiena, Steven S.
245 14 - TITLE STATEMENT
Title The algorithm design manual
Statement of responsibility, etc. Steven S. Skiena.
260 ## - PUBLICATION, DISTRIBUTION, ETC.
Place of publication, distribution, etc. New York :
Name of publisher, distributor, etc. TELOS--the Electronic Library of Science,
Date of publication, distribution, etc. c1998.
300 ## - PHYSICAL DESCRIPTION
Extent xvi, 486 p. :
Other physical details ill. ;
Dimensions 25 cm. +
Accompanying material 1 computer laser optical disc (4 3/4 in.).
538 ## - SYSTEM DETAILS NOTE
System details note System requirements: WWW browser ; CD-ROM drive.
650 #0 - SUBJECT ADDED ENTRY--TOPICAL TERM
Topical term or geographic name entry element Computer algorithms.
942 ## - ADDED ENTRY ELEMENTS (KOHA)
Koha item type Book
Call number prefix 005.1 SKI
Source of classification or shelving scheme
Holdings
Withdrawn status Lost status Damaged status Not for loan Collection code Permanent Location Current Location Shelving location Date acquired Source of acquisition Cost, normal purchase price Total Checkouts Total Renewals Full call number Barcode Date last seen Date last checked out Price effective from Koha item type
          Central Library (CL) Central Library (CL) First Floor - Software Engineering/ Programming Language 07/24/2002 Pak American 5630.63 8 7 005.1 SKI SEECS002219 02/13/2026 08/23/2024 01/05/2017 Book
          Central Library (CL) Central Library (CL) First Floor - Software Engineering/ Programming Language 09/01/2003 NIMS Photocopier 540.00 4 2 005.1 SKI SEECS003785 10/08/2024 08/23/2024 01/05/2017 Book
          Central Library (CL) Central Library (CL) First Floor - Software Engineering/ Programming Language 09/02/2002 NIMS Photocopier Shop 540.00 1   005.1 SKI SEECS002392 04/02/2016 03/11/2016 01/05/2017 Book
          Central Library (CL) Central Library (CL) First Floor - Software Engineering/ Programming Language 09/02/2002 NIMS Photocopier Shop 540.00 3   005.1 SKI SEECS002391 03/14/2016 02/01/2016 01/05/2017 Book
© 2023 Central Library, National University of Sciences and Technology. All Rights Reserved.